Thiết kế đường ô tô

Đã lưu trong:
書目詳細資料
主要作者: Nguyễn, Xuân Trục
格式: 圖書
語言:Undetermined
出版: Hà Nội Giáo dục 2004
主題:
標簽: 添加標簽
沒有標簽, 成為第一個標記此記錄!
Thư viện lưu trữ: Trung tâm Học liệu Trường Đại học Cần Thơ
LEADER 00660nam a2200205Ia 4500
001 CTU_131475
008 210402s9999 xx 000 0 und d
020 |c 35200 
082 |a 625.7 
082 |b Tr506/T3 
100 |a Nguyễn, Xuân Trục 
245 0 |a Thiết kế đường ô tô 
245 0 |c Nguyễn Xuân Trục 
260 |a Hà Nội 
260 |b Giáo dục 
260 |c 2004 
650 |a Civil engineering,Xây dựng dân dụng,Roads,Đường (giao thông) 
650 |x Design and construction,Bản thảo xây dựng 
904 |i Hiếu 
980 |a Trung tâm Học liệu Trường Đại học Cần Thơ